Southville International School and Colleges
Your cart is empty.
  • Cart
  • Lists
    Public lists Eva Luna New books Lux_list list_1
    Your lists Log in to create your own lists
  • Log in to your account
  • Your cookies
  • Search history
Southville International School and Colleges
  • Advanced search
  • Recent comments
  • Most popular
  • Libraries

Log in to your account

Log in with GOOGLE


If you do not have an external account, but do have a local account, you can still log in:

  1. Home
  2. MARC view: Literatura Finladesa :
Normal view MARC view ISBD view

Literatura Finladesa : (Record no. 9031)

[ view plain ]
MARC details
000 -LEADER
fixed length control field 00578nam a22001937a 4500
003 - CONTROL NUMBER IDENTIFIER
control field SISC
005 - DATE AND TIME OF LATEST TRANSACTION
control field 20160308150044.0
008 - FIXED-LENGTH DATA ELEMENTS--GENERAL INFORMATION
fixed length control field 130822t xxu||||| |||| 00| 0 eng d
020 ## - INTERNATIONAL STANDARD BOOK NUMBER
International Standard Book Number 9789511119630
050 ## - LIBRARY OF CONGRESS CALL NUMBER
Classification number PH 301
Item number .L189 1991
082 ## - DEWEY DECIMAL CLASSIFICATION NUMBER
Classification number HS 894.541
Item number L146 1992
100 ## - MAIN ENTRY--PERSONAL NAME
Personal name Laitinen, Kai
9 (RLIN) 12220
245 ## - TITLE STATEMENT
Title Literatura Finladesa :
Remainder of title breve intoroduccion /
Statement of responsibility, etc Kai Laitinen
260 ## - PUBLICATION, DISTRIBUTION, ETC. (IMPRINT)
Place of publication, distribution, etc Helsinki, Finland :
Name of publisher, distributor, etc Kustannusosakeyhtio Otava,
Date of publication, distribution, etc c1992.
300 ## - PHYSICAL DESCRIPTION
Extent 159 p. :
Other physical details ill. ;
Dimensions 20 cm.
650 ## - SUBJECT ADDED ENTRY--TOPICAL TERM
Topical term or geographic name as entry element literature of findland
9 (RLIN) 12221
942 ## - ADDED ENTRY ELEMENTS (KOHA)
Source of classification or shelving scheme Library of Congress Classification
Koha item type Books
Holdings
Withdrawn status Lost status Source of classification or shelving scheme Damaged status Home library Current library Shelving location Date acquired Total Checkouts Full call number Barcode Date last seen Copy number Price effective from Koha item type
    Library of Congress Classification   Luxembourg Library Luxembourg Library High School Section 08/22/2013   PH 301 .L189 1992 5659 03/08/2016 1 08/22/2013 Books

Literatura Finladesa :

APA

Laitinen K., . (1992). Literatura Finladesa. Helsinki, Finland: Kustannusosakeyhtio Otava.

Chicago

Laitinen Kai, . 1992. Literatura Finladesa. Helsinki, Finland: Kustannusosakeyhtio Otava.

Harvard

Laitinen K., . (1992). Literatura Finladesa. Helsinki, Finland: Kustannusosakeyhtio Otava.

MLA

Laitinen Kai, . Literatura Finladesa. Helsinki, Finland: Kustannusosakeyhtio Otava. 1992.

  • Place hold
  • Print
  • Cite
  • Add to your cart (remove)
  • Save record
    BIBTEX Dublin Core MARCXML MARC (non-Unicode/MARC-8) MARC (Unicode/UTF-8) MARC (Unicode/UTF-8, Standard) MODS (XML) RIS
  • More searches
    Search for this title in:
    Other Libraries (WorldCat) Other Databases (Google Scholar) Online Stores (Bookfinder.com) Open Library (openlibrary.org)

Exporting to Dublin Core...

SOUTHVILLE LIBRARY

Southville International School and Colleges Library

1281 Tropical Ave. Cor. Luxembourg St., BF Homes International, Las Pinas City

Tel. No. 8256374 / 252358 Loc. 117/146

Powered by Koha